Ružové sestry prídu do Nitry, na Šindolke stavajú kláštor

Bibliographic Details
Format: Article
Language:Slovak
PhysicalDescription:Fotogr.
Subjects:

MARC

LEADER 00000nab a2200000 a 4500
001 vtls009176510
003 SK-MaSNL
005 20260304023502.0
008 080122 2007 xo w | | |00 0 slo
038 |a NRKKK 
040 |a NRKKK  |b slo  |c NRKKK  |e AACR2 
041 0 |a slo 
044 |a xo  |c SK 
080 |a 271  |2 1981 
080 |a 726.71  |2 1981 
245 0 0 |a Ružové sestry prídu do Nitry, na Šindolke stavajú kláštor  |c [autor] (BEJ) 
300 |b Fotogr. 
650 0 7 |a ružové sestry  |2 nrkkk  |9 110494 
650 0 7 |a kláštory  |2 nrkkk  |9 3024 
651 7 |a Nitra (Slovensko)  |2 SNKPH  |9 15714 
651 7 |a Služobnice Ducha Svätého večnej poklony  |2 nrkkk  |9 1303396 
773 0 |t Nitrianske noviny  |g Roč.16, č. 48 (2007), s. 7 
852 |a SNK  |b KIS3GCP 
999 |c 2616721  |d 2618651